| 000 | 00513 a2200133 4500 | ||
|---|---|---|---|
| 001 | 87764 | ||
| 082 | _aPR 141 | ||
| 090 |
_c41223 _d41223 |
||
| 100 | _aSyed Hassan Mahmood Wasti, N/C 060901; Mohamamd Usman Usmani, N/C 060906 ; Humayan Yousaf, N/C 050803; Muhammad Ali, N/C 060904; Bilal, N/C 060907 69 EC | ||
| 245 | _aDesign and fabrication of ultralight aircraft using incountry resources | ||
| 260 |
_aRisalpur _bNUST, Risalpur _c2010 |
||
| 300 |
_a118p. _eMessam Abbas, Wg Cdr |
||
| 500 | _aBE Project Reports | ||
| 942 |
_aCAE NUST _kPR 141 |
||
| 999 |
_c322837 _d322837 |
||